Madar-I-Millat Mohtarma Fatima Jinnah/ (Record no. 549527)

000 -LEADER
fixed length control field 00479nam a22001337a 4500
020 ## - INTERNATIONAL STANDARD BOOK NUMBER
International Standard Book Number 969-415-059-0
082 ## - DEWEY DECIMAL CLASSIFICATION NUMBER
Classification number 923.15491
Author Mark AHM
100 ## - MAIN ENTRY--PERSONAL NAME
Personal name Ahmed, Dr Riaz
9 (RLIN) 46183
245 ## - TITLE STATEMENT
Title Madar-I-Millat Mohtarma Fatima Jinnah/
Statement of responsibility, etc. Ahmed, Dr Riaz
260 ## - PUBLICATION, DISTRIBUTION, ETC.
Place of publication, distribution, etc. Islamabad,
Name of publisher, distributor, etc. Mr. Mehr Abdul Rashid, Publication officer National institute of historical and cultural research center of excellence
Date of publication, distribution, etc. 2003
526 ## - STUDY PROGRAM INFORMATION NOTE
Program name 0
Interest level 0
Reading level 0
Title point value 923_154910000000000_AHM
650 ## - SUBJECT ADDED ENTRY--TOPICAL TERM
Topical term or geographic name entry element MCE
9 (RLIN) 379
942 ## - ADDED ENTRY ELEMENTS (KOHA)
Source of classification or shelving scheme
Koha item type Book
Holdings
Withdrawn status Lost status Source of classification or shelving scheme Damaged status Not for loan Permanent Location Current Location Date acquired Total Checkouts Full call number Barcode Date last seen Price effective from Koha item type
          Military College of Engineering (MCE) Military College of Engineering (MCE) 09/29/2014   923.15491 AHM MCE-35118 09/29/2014 09/29/2014 Book
© 2023 Central Library, National University of Sciences and Technology. All Rights Reserved.